Ակնթարթը : (Record no. 130773)
[ view plain ]
| 000 -LEADER | |
|---|---|
| fixed length control field | 00962nam a2200253 a 4500 |
| 001 - CONTROL NUMBER | |
| control field | 000343855 |
| 003 - CONTROL NUMBER IDENTIFIER | |
| control field | AM-YeHGA |
| 005 - DATE AND TIME OF LATEST TRANSACTION | |
| control field | 20250618072137.0 |
| 008 - FIXED-LENGTH DATA ELEMENTS--GENERAL INFORMATION | |
| fixed length control field | 040616s1975 ai r 000 0 arm d |
| 040 ## - CATALOGING SOURCE | |
| Original cataloging agency | AM-YeHGA |
| 041 1# - LANGUAGE CODE | |
| Language code of text/sound track or separate title | arm |
| Language code of original | rus |
| 080 ## - UNIVERSAL DECIMAL CLASSIFICATION NUMBER | |
| Universal Decimal Classification number | P1 |
| 090 ## - LOCALLY ASSIGNED LC-TYPE CALL NUMBER (OCLC); LOCAL CALL NUMBER (RLIN) | |
| Classification number (OCLC) (R) ; Classification number, CALL (RLIN) (NR) | Կ-78 |
| 090 ## - LOCALLY ASSIGNED LC-TYPE CALL NUMBER (OCLC); LOCAL CALL NUMBER (RLIN) | |
| -- | 132138 |
| 100 1# - MAIN ENTRY--PERSONAL NAME | |
| Personal name | Կորոլենկո, Վ.Գ. |
| 245 10 - TITLE STATEMENT | |
| Title | Ակնթարթը : |
| Remainder of title | «Անտառը խշշում է» : Միջին և բարձր տարիքի դպր. համար / |
| Statement of responsibility, etc. | Վ.Գ. Կորոլենկո ; Խմբ.՝ Մ. Բերբերյան ; Նկ.՝ Ս.Շ. Ստեփանյան. |
| 246 31 - VARYING FORM OF TITLE | |
| Title proper/short title | Անտառը խշշում է |
| 260 ## - PUBLICATION, DISTRIBUTION, ETC. | |
| Place of publication, distribution, etc. | Երևան : |
| Name of publisher, distributor, etc. | Հայաստան, |
| Date of publication, distribution, etc. | 1975. |
| 300 ## - PHYSICAL DESCRIPTION | |
| Extent | 72 էջ : |
| Other physical details | նկ. ; |
| Dimensions | 17 սմ. |
| 650 14 - SUBJECT ADDED ENTRY--TOPICAL TERM | |
| Topical term or geographic name entry element | Ռուս գրականություն |
| General subdivision | Պատմվածք |
| 9 (RLIN) | 4645 |
| 700 1# - ADDED ENTRY--PERSONAL NAME | |
| Personal name | Ստեփանյան, Սուրեն Շավարշի, |
| Dates associated with a name | 1915-1977 |
| Relator term | նկ. |
| Relationship | art |
| 9 (RLIN) | 1781 |
| 700 1# - ADDED ENTRY--PERSONAL NAME | |
| Personal name | Բերբերյան, Մ. |
| Relator term | խմբ. |
| Relationship | edt |
| 942 ## - ADDED ENTRY ELEMENTS (KOHA) | |
| Source of classification or shelving scheme | Universal Decimal Classification |
| Koha item type | Գրքեր / Books |
| Withdrawn status | Lost status | Damaged status | Not for loan | Collection | Home library | Current library | Date acquired | Total checkouts | Full call number | Barcode | Date last seen | Price effective from | Koha item type | Public note | Cost, replacement price |
|---|---|---|---|---|---|---|---|---|---|---|---|---|---|---|---|
| General | Fundamental Scientific Library | Fundamental Scientific Library | 22/12/2016 | AI/13736 | FL0053525 | 22/12/2016 | 22/12/2016 | Գրքեր / Books | 30 Days Loan | ||||||
| General | Fundamental Scientific Library | Fundamental Scientific Library | 22/12/2016 | AI/13737 | FL0053526 | 22/12/2016 | 22/12/2016 | Գրքեր / Books | 30 Days Loan | 45.00 | |||||
| General | Fundamental Scientific Library | Fundamental Scientific Library | 22/12/2016 | AI/13738 | FL0053527 | 22/12/2016 | 22/12/2016 | Գրքեր / Books | 30 Days Loan | 45.00 |
ՀՀ Գիտությունների ազգային ակադեմիայի հիմնարար գիտական գրադարան = Fundamental Scientific Library of NAS RA
All site content, except where otherwise noted, is licensed under a